PRASYA SASHANAWALI (Record no. 3386)
[ view plain ]
| 000 -LEADER | |
|---|---|
| fixed length control field | 00415cam a2200181ua 4500 |
| 008 - FIXED-LENGTH DATA ELEMENTS--GENERAL INFORMATION | |
| fixed length control field | 131203n1974 II |||gr||||Z||||||asm |
| 040 ## - CATALOGING SOURCE | |
| Original cataloging agency | MAIN |
| 041 ## - LANGUAGE CODE | |
| -- | English |
| 082 ## - DEWEY DECIMAL CLASSIFICATION NUMBER | |
| Classification number | 954 NEO |
| 100 ## - MAIN ENTRY--PERSONAL NAME | |
| Personal name | NEOG , MAHESWAR. |
| 245 ## - TITLE STATEMENT | |
| Title | PRASYA SASHANAWALI |
| 250 ## - EDITION STATEMENT | |
| Edition statement | 1ST. |
| 260 ## - PUBLICATION, DISTRIBUTION, ETC. | |
| Place of publication, distribution, etc. | GUWAHATI |
| Name of publisher, distributor, etc. | AXOM PRAKASHAN PARISHAD |
| Date of publication, distribution, etc. | 1974 |
| 300 ## - PHYSICAL DESCRIPTION | |
| Extent | 202: |
| Dimensions | 25CM. |
| 942 ## - ADDED ENTRY ELEMENTS (KOHA) | |
| Koha item type | Books |
| 653 ## - INDEX TERM--UNCONTROLLED | |
| Uncontrolled term | South Asia India |
| Withdrawn status | Lost status | Damaged status | Not for loan | Collection code | Home library | Current library | Shelving location | Date acquired | Full call number | Barcode | Date last seen | Copy number | Price effective from | Koha item type |
|---|---|---|---|---|---|---|---|---|---|---|---|---|---|---|
| TBHIS | Central Library and Information Centre Sibsagar Girls College | Central Library and Information Centre Sibsagar Girls College | History Rack | 21.04.1972 | 954 NEO | 03325 | 27.02.2020 | 1 | 27.02.2020 | Books | ||||
| REFENG | Central Library and Information Centre Sibsagar Girls College | Central Library and Information Centre Sibsagar Girls College | History Rack | 27.02.2020 | 954 NEO | UB188 | 27.02.2020 | 2 | 27.02.2020 | Books |